UM Logo

Control optimization of modular multilevel resonant DC converters for wide-input-range MVdc to LVdc applications / (Record no. 19200)

MARC details
000 -LEADER
fixed length control field 00917nam a22002057a 4500
008 - FIXED-LENGTH DATA ELEMENTS--GENERAL INFORMATION
fixed length control field 240219b ||||| |||| 00| 0 eng d
082 ## - DEWEY DECIMAL CLASSIFICATION NUMBER
Classification number DPer 621.317 Ie21 May 2022 v.37 n. 5
100 ## - MAIN ENTRY--PERSONAL NAME
Personal name Sheng, Jing.
Relator term author.
9 (RLIN) 52658
245 ## - TITLE STATEMENT
Title Control optimization of modular multilevel resonant DC converters for wide-input-range MVdc to LVdc applications /
Statement of responsibility, etc. Jing Sheng, Cong Chen, Rui Lu, Chushan Li, Xin Xiang, Wuhua Li, and Xiangning He
260 ## - PUBLICATION, DISTRIBUTION, ETC. (IMPRINT)
Place of publication, distribution, etc. New York;
Name of publisher, distributor, etc. The Institute of Electrical and Electronics Engineers, Inc.,
Date of publication, distribution, etc. May 2022.
300 ## - PHYSICAL DESCRIPTION
Extent volume 37,
Other physical details pages 5284-5298,
Dimensions illustration.
700 ## - ADDED ENTRY--PERSONAL NAME
Personal name Sheng, Jing.
Relator term author.
9 (RLIN) 52658
700 ## - ADDED ENTRY--PERSONAL NAME
Personal name Chen, Cong.
Relator term author.
9 (RLIN) 52659
700 ## - ADDED ENTRY--PERSONAL NAME
Personal name Lu, Rui.
Relator term author.
9 (RLIN) 52661
700 ## - ADDED ENTRY--PERSONAL NAME
Personal name Li, Chushan.
Relator term author.
9 (RLIN) 52663
700 ## - ADDED ENTRY--PERSONAL NAME
Personal name Xiang, Xin.
Relator term author.
9 (RLIN) 52664
700 ## - ADDED ENTRY--PERSONAL NAME
Personal name Li, Wuhua.
Relator term author.
9 (RLIN) 52665
700 ## - ADDED ENTRY--PERSONAL NAME
Personal name He, Xiangning.
Relator term author.
9 (RLIN) 52666
942 ## - ADDED ENTRY ELEMENTS (KOHA)
Source of classification or shelving scheme Dewey Decimal Classification
Koha item type Periodicals
Holdings
Withdrawn status Lost status Source of classification or shelving scheme Damaged status Not for loan Collection code Home library Current library Date acquired Total Checkouts Full call number Date last seen Price effective from Koha item type Public note
    Dewey Decimal Classification     Periodicals UM Digos College - LIC UM Digos College - LIC 02/19/2024   DPer 621.317 Ie21 May 2022 v.37 n. 5 02/19/2024 02/19/2024 Periodicals Periodical Article